000 00443nam a22001577a 4500
005 20251108173137.0
008 250721s9999 xx 000 0 ara d
082 1 4 _aط/8599.74/حيو
100 1 _aفلينت، ف
245 1 0 _aالحيوانات المفترسة /
264 1 _aدمشق :
_bدار الغد الإنساني،
650 1 7 _aأكلات اللحوم
650 1 7 _aالحيوانات
942 _2ddc
_cBK
999 _c97062
_d97062